By the King, a proclamation. George R. Whereas we have caused our writs to be issued for the calling of a Parliament to meet and be holden at Westminster, on the twenty eighth day of the instant November; ....

Bibliographic Details
Corporate Author: Great Britain. Sovereign (1727-1760 : George II)
Other Authors: George II, King of Great Britain, 1683-1760
Format: eBook
Language:English
Published: London : printed by John Baskett, printer to the King's most excellent Majesty, 1727.
Series:Early English books online.
Subjects:
Online Access:Connect to the full text of this electronic book

MARC

Tag First Indicator Second Indicator Subfields
LEADER 00000nam a2200000 4500
001 in00004203113
005 20200806085310.0
006 m g d
007 cr bn |||a|bb|
008 790322s1727 enk o o00 eng d
035 |a (UnM)99893839 
037 |a CL2105000001  |b ProQuest Information and Learning. 300 N. Zeeb Rd., Ann Arbor, MI 48106 
040 |a Uk-ES  |c Uk-ES  |d CStRLIN  |d Cu-RivES  |e dcrb 
110 1 |a Great Britain.  |b Sovereign (1727-1760 : George II) 
245 1 0 |a By the King, a proclamation. George R. Whereas we have caused our writs to be issued for the calling of a Parliament to meet and be holden at Westminster, on the twenty eighth day of the instant November; .... 
246 2 |a Whereas we have caused our writs to be issued for the calling of a Parliament to meet and be holden at Westminster, on the twenty eighth day of the instant November 
260 |a London :  |b printed by John Baskett, printer to the King's most excellent Majesty,  |c 1727. 
300 |a 1 online resource (1 sheet ([1] pages). 
336 |a text  |b txt  |2 rdacontent 
337 |a computer  |b c  |2 rdamedia 
338 |a online resource  |b cr  |2 rdacarrier 
500 |a "Given at our court at St. James's the thirteenth day of November, 1727, in the first year of our reign.". 
500 |a Proroguing parliament to 11 January 1728. 
500 |a Steele notation: be do next. No press figure. 
500 |a Reproduction of original in the British Library. 
510 4 |a Early English books tract supplement interim guide  |c 21.h.4[187] 
533 |a Electronic reproduction.  |b Ann Arbor, Mich. :  |c UMI,  |d 1999-  |f (Early English books online)  |n Digital version of: (Early English books; Tract supplement C24:2[187])  |7 s1999 miun s 
610 1 0 |a Great Britain.  |b Parliament  |v Early works to 1800. 
651 0 |a Great Britain  |x History  |y George II, 1727-1760  |v Early works to 1800. 
651 0 |a Great Britain  |x Politics and government  |y 1727-1760  |v Early works to 1800. 
700 0 |a George  |b II,  |c King of Great Britain,  |d 1683-1760. 
830 0 |a Early English books online. 
856 4 0 |u http://proxy.library.tamu.edu/login?url=https://search.proquest.com/docview/2240920887  |z Connect to the full text of this electronic book  |t 0 
999 f f |s 503fa39b-0454-3db1-9a5a-fcc822465e31  |i 57759a1f-7342-33d1-a7c3-9c211e91addb  |t 0 
952 f f |a Texas A&M University  |b College Station  |c Electronic Resources  |d Available Online  |t 0  |h No information provided 
998 f f |t 0  |l Available Online